Statystyki dla Francja Miasta - Quiz na mapie

Kliknij tutaj aby rozwiązać quiz!

Ogólne statystyki

  • Ten quiz został rozwiązany 1 802 razy
  • Średni wynik to 8 z 16

Odpowiedzi na mapie

Odpowiedzi skodowane kolorowo w zielono-czerwonej skali na mapie do tego quizu, zgodnie z poniższymi procentami.
 

Statystyki odpowiedzi

Odpowiedź% Poprawnych
Paryz
90%
Marsylia
72%
Nicea
68%
Strasburg
67%
Bordeaux
60%
Lyon
60%
Calais
55%
Ajaccio
53%
Tuluza
50%
Brest
49%
Dijon
38%
Nantes
37%
Le Havre
35%
Rennes
31%
Limoges
23%
Tours
20%

Rozkład punktacji

Percentyl według liczby udzielonych odpowiedzi

Procent ludzi z każdym wynikiem

Twoja historia wyników

Nie rozwiązałeś tego quizu